Исследование равновесий в растворе и кинетики электродных реакций салицилатных и сходных комплексов железа: автореферат диссертации на соискание ученой степени кандидата химических наук; спец. 02.00.05

Detalles Bibliográficos
Autor principal: Ивойлова Л. В. Людмила Вячеславовна
Autor Corporativo: Ленинградский государственный университет (ЛГУ)
Otros Autores: Кравцов В. И. (научный руководитель)
Sumario:Защита сост. 10.11.1977 г.
Lenguaje:ruso
Publicado: Ленинград, [Б. и.], 1977
Materias:
Formato: Libro
KOHA link:https://koha.lib.tpu.ru/cgi-bin/koha/opac-detail.pl?biblionumber=336398

MARC

LEADER 00000nam0a2200000 4500
001 336398
005 20231102004841.0
035 |a (RuTPU)RU\TPU\book\362814 
090 |a 336398 
100 |a 20171013d1977 k y0rusy50 ca 
101 0 |a rus 
102 |a RU 
105 |a y dm 001zy 
200 1 |a Исследование равновесий в растворе и кинетики электродных реакций салицилатных и сходных комплексов железа  |e автореферат диссертации на соискание ученой степени кандидата химических наук  |e спец. 02.00.05  |f Л. В. Ивойлова  |g Ленинградский государственный университет (ЛГУ) ; науч. рук. В. И. Кравцов 
210 |a Ленинград  |c [Б. и.]  |d 1977 
215 |a 16 с. 
300 |a Защита сост. 10.11.1977 г. 
320 |a Библиогр.: с. 16 (3 назв.) 
606 1 |a Железо  |x Комплексные соединения  |2 stltpush  |3 (RuTPU)RU\TPU\subj\75224  |9 87084 
606 1 |a Электрохимия  |2 stltpush  |3 (RuTPU)RU\TPU\subj\21014  |9 46066 
610 1 |a химические равновесия 
610 1 |a химические растворы 
610 1 |a исследования 
610 1 |a кинетика 
610 1 |a электродные реакции 
610 1 |a салицилаты 
610 1 |a библиотека А. Г. Стромберга 
610 1 |a авторефераты диссертаций 
675 |a 544.6(04)  |v 4 
675 |a 546.72(04)  |v 4 
686 |a 02.00.05  |2 oksvnk 
700 1 |a Ивойлова  |b Л. В.  |g Людмила Вячеславовна 
702 1 |a Кравцов  |b В. И.  |4 727 
712 0 2 |a Ленинградский государственный университет (ЛГУ)  |c (1924-1991)  |2 stltpush  |3 (RuTPU)RU\TPU\col\77 
801 1 |a RU  |b 63413507  |c 20171013 
801 2 |a RU  |b 63413507  |c 20180202  |g RCR 
942 |c BK